000 00528nam a2200181Ia 4500
001 22304
005 20260414150822.0
008 260414t2009||||xx |||||||||||||| ||spa||
041 _aESP
082 _a621.314
_bA49
100 _aÁlvarez Pulido, Manuel
_eAUT
245 0 _aTransformadores :
_bcálculo fácil de transformadores y autotransformadores, monofásicos y trifásicos de baja tensión
260 _c2009
300 _axxi, 211 páginas :
_c23 cm.
650 _aTCA
654 _aCET
942 _cLIB
_dJUS
_fJUS
_2ddc
_n
999 _c22304
_d22304